| 000 -ლიდერი |
| ფიქსირებული სიგრძის საკონტროლო ველი |
01521nam a2200253Ia 4500 |
| 001 - საკონტროლო ნომერი |
| საკონტროლო ველი |
5665 |
| 003 - საკონტროლო ნომრის იდენტიფიკატორი |
| საკონტროლო ველი |
GE_BSU |
| 005 - ბოლო ოპერაციის თარიღი და დრო |
| საკონტროლო ველი |
20191023162353.0 |
| 008 - ფიქსირებული სიგრძის მონაცემთა ელემენტები - ზოგადი ინფორმაცია |
| ფიქსირებული სიგრძის საკონტროლო ველი |
181216s2012||||ge |||||||||||||| ||geo|| |
| 040 ## - კატალოგიზაციის წყარო |
| Transcribing agency |
GE_BSU |
| 041 ## - ენის კოდი |
| Language code of text/sound track or separate title |
geo |
| 080 ## - უნივერსალური ათობითი კლასიფიკაციის ინდექსი |
| Universal Decimal Classification number |
94(479.223)(063) ს-24 |
| 245 ## - ცნობა სათაურის შესახებ |
| Title |
სამხრეთ-დასავლეთ საქართველო : |
| Remainder of title |
ისტორია, არქეოლოგია, ეთნოლოლოგია. სამეცნიერო კონფერენციის მასალები II |
| Statement of responsibility, etc |
რედ. : თ. ცინცქილაძე, თ. ფუტკარაძე, ს. ბერიძე და სხვ. |
| 264 ## - წარმოების, გამოცემის, დისტრიბუციის და სხვა ცნობები |
| გამოცემის, წარმოების, დისტრიბუციის... ადგილი |
თბილისი : |
| გამოცემის, წარმოების, დისტრიბუციის... სახელწოდება |
უნივერსალი; |
| გამოცემის, წარმოების, დისტრიბუციის... თარიღი |
2012. |
| 300 ## - ფიზიკური აღწერა |
| Extent |
229 გვ. : |
| Other physical details |
ნახ.; |
| Dimensions |
25 სმ. |
| 500 ## - ზოგადი შენიშვნა |
| General note |
პარალ. სათ. ინგლ. ენ. |
| 653 ## - INDEX TERM--UNCONTROLLED |
| Uncontrolled term |
ისტორია, არქეოლოგია, ეთნოლოლოგია |
| 653 ## - INDEX TERM--UNCONTROLLED |
| Uncontrolled term |
კონფერენცია |
| 700 ## - ADDED ENTRY--PERSONAL NAME |
| Personal name |
ცინცქილაძე, თ. |
| Relator term |
რედაქტორი |
| 9 (RLIN) |
4961 |
| 700 ## - ADDED ENTRY--PERSONAL NAME |
| Personal name |
ფუტკარაძე, თ. |
| Relator term |
რედაქტორი |
| 9 (RLIN) |
4962 |
| 700 ## - ADDED ENTRY--PERSONAL NAME |
| Personal name |
ბერიძე, ს. |
| Relator term |
რედაქტორი |
| 9 (RLIN) |
4963 |
| 710 ## - ADDED ENTRY--CORPORATE NAME |
| Corporate name or jurisdiction name as entry element |
აჭარის ავტ. რესპ.მთავრობის საქვეუწყებო დაწესებულება-საარქივო სამმართველო |
| 9 (RLIN) |
4956 |
| 942 ## - ADDED ENTRY ELEMENTS (KOHA) |
| Koha item type |
წიგნი |
| Source of classification or shelving scheme |
|